000 00774nam a2200229Ia 4500
001 19392
003 GE_BSU
008 181216s||||||||xx |||||||||||||| ||und||
040 _cGE_BSU
245 _aУспехи геронтологии. №3 ,том 29. 2016
245 _bAdvances in gerontology
245 _cгл. ред. В.Н. Анисимов и др.
250 _aРоссийская академия наук. Геронтологическое общество
260 _aСанкт-Петербург
260 _bЭскулап
260 _c2016
300 _a525 стр. 29см.
653 _aПериодика
653 _aУспехи геронтологии. №3 ,том 29. 2016
653 _aპერიოდიკა
942 _cCR
999 _c52372
_d52372